Statistics for Countries Bordering Uzbekistan (15 SECONDS)

Click here to take the quiz!

General Stats

  • This quiz has been taken 140 times
  • The average score is 4 of 5

Answer Stats

Where Does it Border Uzbekistan?Answer% Correct
NorthKazakhstan
78%
SoutheastTajikistan
78%
SouthwestTurkmenistan
78%
EastKyrgyzstan
64%
SouthAfghanistan
57%

Score Distribution

Percentile by Number Answered

Percent of People with Each Score

Your Score History

You have not taken this quiz